Podnikanie na Slovensku nadpriemerná podnikateľská aktivita v podpriemernom podnikateľskom prostredí
Saved in:
| Main Author: | |
|---|---|
| Other Authors: | , , , |
| Format: | Book |
| Language: | Slovak |
| Published: |
Bratislava
Univerzita Komenského v Bratislave
2013
|
| Subjects: | |
| Tags: |
No Tags, Be the first to tag this record!
|
MARC
| LEADER | 00000nam a2200000 4500 | ||
|---|---|---|---|
| 001 | 0247977 | ||
| 005 | 20221220120046.7 | ||
| 020 | |a 978-80-223-3481-5 | ||
| 041 | 0 | |a slo | |
| 044 | |a SK | ||
| 245 | 1 | 0 | |a Podnikanie na Slovensku |b nadpriemerná podnikateľská aktivita v podpriemernom podnikateľskom prostredí |c Anna Pilková [et al.] |
| 264 | 1 | |a Bratislava |b Univerzita Komenského v Bratislave |c 2013 | |
| 300 | |a 335 s. | ||
| 610 | 2 | 0 | |a podnikanie |
| 610 | 2 | 0 | |a podnikatelia |
| 610 | 2 | 0 | |a prostredie podnikateľské |
| 610 | 2 | 0 | |a aktivita hospodárska |
| 610 | 2 | 0 | |a inovácia |
| 610 | 2 | 0 | |a dynamika ekonomiky |
| 610 | 2 | 0 | |a porovnanie medzinárodné |
| 610 | 2 | 0 | |a prognózy |
| 610 | 2 | 0 | |a Slovensko |
| 610 | 2 | 0 | |a Európa |
| 100 | 1 | |a Pilková, Anna | |
| 700 | 1 | |a Holienka, Marián | |
| 700 | 1 | |a Rehák, Ján | |
| 700 | 1 | |a Kovačičová, Zuzana | |
| 700 | 1 | |a Pešout, Ivan | |